000 00313nam a22001337a 4500
008 181023b xxu||||| |||| 00| 0 eng d
020 _a9780393912517
041 _aeng
080 _a821
100 _a23
101 _aGJU
245 _aThe Norton Anthology English Literature
_cCarol.c.t
942 _2udc
_cBK
999 _c50586
_d50586